000 00524nam a22001697a 4500
999 _c17471
_d17471
008 190223b xxu||||| |||| 00| 0 eng d
020 _a9327239232
040 _aKABU
_cKABU
050 _aTP370
_b.D37 2014 c. 1
100 _aDash, Sanjaya K.
245 _aFood process engineering
_b(a guide book in MCQs for better understanding)
260 _aNew Delhi
_bKalyani Publishers
_c2014 c. 1
300 _a[ix], 404 p.
650 _aFood industry and trade
700 _aSahoo, Nihar Ranjan
942 _2lcc
_cBK
_hTP370